| 000 | 00803nam a2200229 a 4500 | ||
|---|---|---|---|
| 005 | 20160419102629.0 | ||
| 008 | 140224b1988 ck bd |r|||| 00| 0 spa d | ||
| 040 |
_aCO-BoIAVH _cCO-BoIAVH |
||
| 041 | 0 | _aspa | |
| 044 | _ack | ||
| 082 | 0 | 4 |
_a912.19 _bG64m |
| 100 | 1 | _aGonzález I., Humberto | |
| 245 | 1 | 0 |
_aMapa geológico de Colombia _bEscala 1:1'500.000 / _cHumberto González I., Alberto Nuñez T. y Gabriel Paris Q. |
| 260 |
_aBogotá : _bIngeominas, _c1988. |
||
| 300 |
_a71 páginas : _bmapas y tablas ; _c26 x 20 centímetros |
||
| 504 | _aIncluye referencias bibliográficas. | ||
| 650 | 1 | 6 |
_aGeología _vmapas _zColombia |
| 650 | 2 | 6 |
_aGeomorfología _zColombia |
| 700 | 1 |
_aNúñez T., Alberto _eautor |
|
| 700 | 1 |
_aParis Q., Gabriel _eautor |
|
| 942 |
_cLIBRO _2ddc |
||
| 999 |
_c870 _d870 |
||